Movie by Difficulty VIII Quiz Stats

Quiz Updated Sep 21, 2016

Challenge
Share
Tweet
Score 0/30 Timer 08:00
0 Plays Today
% Correct
Mr. & Mrs. Smith
92.2%
Happy Gilmore
89.4%
Mamma Mia!
82%
The Bourne Identity
80.6%
The Help
80%
The Wrestler
79.2%
A Few Good Men
76.2%
12 Angry Men
75.4%
Tootsie
65.4%
The Fugitive
60.3%
The Grey
51.6%
While You Were Sleeping
42.5%
The French Connection
40.8%
The Thomas Crown Affair
39.1%
Constantine
38.7%
% Correct
Eagle Eye
34.1%
The Faculty
28.3%
Harold and Maude
25.5%
Men of Honor
23.2%
16 Blocks
15.9%
North Country
7.8%
The Woodsman
5.9%
Gummo
5.2%
The Lookout
3.8%
Flipped
2.8%
Wristcutters: A Love Story
2.8%
Pontypool
2.7%
Europa Report
2.6%
The Edukators
1.7%
11:14
1.4%

You're not logged in!

Compare scores with friends on all Sporcle quizzes.
Join for Free
OR
Log In

You Might Also Like...

Show Comments

Extras

Top Quizzes Today


Score Distribution

Your Account Isn't Verified!

In order to create a playlist on Sporcle, you need to verify the email address you used during registration. Go to your Sporcle Settings to finish the process.

Report this User

Report this user for behavior that violates our Community Guidelines.

Details: